000 00710nam a22002177a 4500
005 20170124110115.0
010 _aA-409864
020 _c195.00
_a8185148295
035 _aA-409864
037 _bCen Lib/Ret
040 _aDPL
_bEN
082 _a954.12
_bGUR
100 _aGurcharan Singh
_929781
245 _aStudies in Punjab history & culture /
_cby Gurcharan Singh
260 _bEnkay Publishers
_aNew Delhi
_c1990
270 _aEnkay House, Malcha Marg Shopping Centre, Diplomatic Enclave
_bNew Delhi
_e110024
300 _a281p.
_c21cm(Hb)
650 _aPanjabi literature -- History and criticism
_924042
650 _aSikhism -- History
_929782
942 _2ddc
_cEN
_h954.12
_mGUR
999 _c130660
_d130660